00496 2200169 4500001002100000005001500021008004100036020002200077035001900099082001000118090001600128100002300144245007900167260004000246300002600286650001400312INLIS00000000000999520241224113925241224||||||||| | ||| |||| ||  a978-602-9146-54-7 0010-12240099950 a771.3 a771.3 HUS s0 aHusna Widyani,S.IP00aStep-Step Hebat Kuasai Kamera DSLR untuk Pemula,Orang Awam dan Profesional aJakarta TimurbDunia Komputerc2014 a15 cm x 23 cm,144 hal 0aFotografi